000 00330 a2200157 4500
001 174497
020 _a85-08-11353-8
040 _cMagnum
100 _aJunqueira, Sonia
240 1 0 _aO menino e o muro
_lpor
245 1 0 _aO menino e o muro
300 _a24
362 0 _a2007
697 _aLITERATURA INFANTIL
942 _cBK
999 _c174497
_d174497